00695nam a22002057a 4500003000500000005001700005008004100022010001000063011001000073035001000083040000900093082001500102100001800117245007000135260007200205300001900277490008600296650002100382830008600403CHAP20220329134213.0971013s1961 r 00010 d a16919 a17891 a21975 cCHAP a983.03bJ300aJara, Alvaro. aGuerre et société au Chili; essai de sociologie coloniale ... aParis :bInstitut des Hautes Studes de l'Amérique Latine,c(1961) a217 p.b: ilus aTravaux et mémoires de l'Institut des Hautes Etudes de l'Amérique Latinev; 914aChilexHistoria.0 aTravaux et mémoires de l'Institut des Hautes Etudes de l'Amérique Latinev; 9